Pathways to identity: using visualization to aid law enforcement in identification tasks (Record no. 354121)
[ view plain ]
| 000 -LEADER | |
|---|---|
| fixed length control field | 00486nam a2200097Ia 4500 |
| 008 - FIXED-LENGTH DATA ELEMENTS--GENERAL INFORMATION | |
| fixed length control field | 180130s9999 xx 000 0 und d |
| 245 ## - TITLE STATEMENT | |
| Statement of responsibility, etc | Bruce, Joe; Scholtz, Jean; Hodges, Duncan; Emanuel, Lia; Fraser, Danae Stanton; Creese, Sadie; Love, Oriana J. |
| Title | Pathways to identity: using visualization to aid law enforcement in identification tasks |
| 260 ## - PUBLICATION, DISTRIBUTION, ETC. (IMPRINT) | |
| Date of publication, distribution, etc | 2016 |
| 300 ## - PHYSICAL DESCRIPTION | |
| Extent | Book title: Computer and information security--Acession number C20546; pages 169-181 |
| 650 ## - SUBJECT ADDED ENTRY--TOPICAL TERM | |
| Topical term or geographic name as entry element | INFORMATION SECURITY |
| Withdrawn status | Lost status | Damaged status | Home library | Current library | Date acquired | Total Checkouts | Date last seen | Price effective from | Koha item type |
|---|---|---|---|---|---|---|---|---|---|
| College Library | College Library | 01/30/2018 | 01/30/2018 | 01/30/2018 | Book Chapter |